000 00447nmm a2200157Ia 4500
008 251105s9999||||xx |||||||||||||||||und||
020 _a9781558852303
041 _aeng
100 _aParedes, Américo
245 4 _aThe shadow
264 _a[Washington, Estados Unidos] :
_bArte Público Press,
_c2017
300 _a128 páginas
650 _aNorth American narrative
856 _uhttps://public.digitaliapublishing.com/a/47277
942 _cCF
999 _c74681
_d74681